00539nam a2200181Ia 4500003000900000008004100009020001600050040001600066080001600082100002100098245011200119260003300231300001500264650001900279650001900298650002100317650001900338IN-BaIIA211028s9999 xx 000 0 eng d a08-016166-9 cIIA Library a539.18bSOB aSobel'Man, I. I. 0aIntroduction to the theory of atomic spectrac I. I. Sobel'Man  aOxfordbPergamon Pressc1972 axvi, 609p. aAtomic physics aAtomic spectra aAtomic structure aNASA thesaurus